| 000 | 00000cam 2200000zi 4500 |
| 001 | 9.911204 |
| 003 | CaOODSP |
| 005 | 20260402082116 |
| 006 | m o d f |
| 007 | cr cn||||||||| |
| 008 | 220516t20222022quc o f000 0 eng d |
| 020 | |a9780660435282 |
| 040 | |aCaOODSP|beng|erda|cCaOODSP |
| 043 | |an-cn--- |
| 086 | 1 |aEn4-472/2022E-PDF |
| 245 | 00|aCompendium of federal offset protocols, version 1.0 : |bCanada's greenhouse gas offset credit system. |
| 264 | 1|aGatineau, QC : |bEnvironment and Climate Change Canada = Environnement et changement climatique Canada, |c2022. |
| 264 | 4|c©2022 |
| 300 | |a1 online resource (6 pages) |
| 336 | |atext|btxt|2rdacontent |
| 337 | |acomputer|bc|2rdamedia |
| 338 | |aonline resource|bcr|2rdacarrier |
| 500 | |aCover title. |
| 500 | |aIssued also in French under title: Recueil des protocoles fédéraux de crédits compensatoires, version 1.0 : régime de crédits compensatoires pour les gaz à effet de serre du Canada. |
| 500 | |a"June 2022." |
| 650 | 0|aCarbon offsetting|xGovernment policy|zCanada. |
| 650 | 0|aGreenhouse gas mitigation|xGovernment policy|zCanada. |
| 710 | 1 |aCanada. |bEnvironment and Climate Change Canada, |eissuing body. |
| 775 | 08|tRecueil des protocoles fédéraux de crédits compensatoires, version 1.0 : |w(CaOODSP)9.911205 |
| 794 | |tCompendium of federal offset protocols.|bVersion 2.0|w(CaOODSP)9.918508 |
| 856 | 40|qPDF|s460 KB|uhttps://publications.gc.ca/collections/collection_2022/eccc/En4-472-2022-eng.pdf |
| 986 | |aEC22043 |